000 00338cam a2200145ua 4500
041 _aeng
_h
082 _a821
_bDAN/DI
100 _aDante, .
245 _aDivine comody /
_cDante.
_hTextual Documents
260 _aLondon :
_bJ M Dent and Sons Ltd ,
_c1961.
300 _a451 ; .
504 _a
942 _cBK
999 _c5823
_d5823